000 00810nam a2200205Ii 4500
003 JO-AjNU
008 230605s9999||||xx |||||||||||||| ||und||
040 _aJO-AjNU
_bara
_erda
_cJO-AjNU
041 _aara
050 1 4 _aLB2822.75.Z3346 1991
100 3 _aالظاهر،زكريا محمد مؤلف/تمرجيان،جاكلين م.مشارك/عبد الهادي،جودت عزت م.مؤلف/منيجل،عبدالله مراجع,
_eauthor
_916751
245 0 0 _aمبادئ القياس والتقويم في التربية
250 _aط1
264 3 1 _aعمان:دار الثقافة،1991
300 _a208ص
336 _atext
_btxt
_2rdacontent
337 _aunmediated
_bn
_2rdamedia
338 _avolume
_bnc
_2rdacarrier
650 4 _aالاختبارات والقياسات التعليمية
_916752
999 _aA5034
_c8602
_d8602